Dialoghi d'amore (Registro nro. 87459)

Detalles MARC
000 -ENCABEZADO
Número de control [NR] 00481nam a22001577a 4500
008 - DE LONGITUD FIJA DE DATOS DE ELEMENTOS - INFORMACIÓN GENERAL
Elementos de longitud fija [NR] 130821s1929 it gr ita
040 ## - FUENTE DE CATALOGACION [NR]
Agencia de catalogación original [NR] Co-BoUCM
Idioma de catalogación [NR] spa
041 00 - CODIGO DE IDIOMA [R]
Código de idioma para texto/pista de sonido o título separado [R] Italiano
100 ## - ASIENTO PRINCIPAL--NOMBRE PERSONAL [NR]
Nombre personal [NR] Ebreo, Leone
ID Autoridad 150517
245 00 - MENCION DE TITULO [NR]
Título [NR] Dialoghi d'amore
Mención de responsabilidad, etc. [NR] Leone Ebreo
260 ## - PUBLICACION, DISTRIBUCION, ETC. (PIE DE IMPRENTA) [R]
Lugar de publicación, distribución, etc. [R] Bari (Italia)
Nombre del editor, distribuidor, etc. [R] Gius Laterza et Figli
Fecha de publicación, distribución, etc. [R] 1929
300 ## - DESCRIPCION FISICA [R]
Extensión [R] 457 páginas
650 04 - ASIENTO SECUNDARIO DE MATERIA - TERMINO TEMATICO [R]
Término temático o nombre geográfico como elemento de entrada [NR] Diálogos italianos
9 (RLIN) 13183
942 ## - ELEMENTOS DE ENTRADA AGREGADOS (KOHA)
Tipo de ítem principal el descrito en 300a Libro
Tema principal Literatura
Edición 1
Parte restante de la signatura top. E17
Título oculto en OPAC No
Sistema de clasificación DEWEY
Clasificación 808.8026
Existencias
Signatura topográfica Código de barras Última vez visto Ejemplar Price effective from Tipo de ítem Perdido Sistema de clasificación Dañado No prestable Tipo de ítem específico Suprimido Ubicación habitual Ubicación actual Localización Fecha de creación Forma de adquisición Costo
FCS 808.8026 E17 120000681 06/07/2012 Ej.1 03/02/2013 Libro   DEWEY     Fondos especiales     Archivo Histórico Archivo histórico 28/02/2003 Donación 1000.00